| 000 | 00713 a2200241 4500 | ||
|---|---|---|---|
| 502 | _aThèse de Doctorat | ||
| 260 | _aWageningen | ||
| 653 | 1 | _aAgronomie | |
| 100 | _aLUPPENS, Suzanne Bernardina Ida | ||
| 041 | _bEn | ||
| 260 | _bUniversité de Wageningen | ||
| 300 | _a102 p. | ||
| 245 | _aSuspensions or biofilms : and other factors that affect disinfectant testing on pathogens | ||
| 300 | _bIll., Couv. ill. ; 24 cm | ||
| 260 | _c21 Mai 2002 | ||
| 130 | _lEn | ||
| 040 | _aSupport | ||
| 041 | _bEn | ||
| 653 | 1 | _aNutrition et Sciences Aliomentaires | |
| 100 | _uAbomey-Calavi, Université d'Abomey-Calavi, Faculté des Sciences Agronomiques, Bj | ||
| 020 | _a90-5808-613-3 | ||
| 999 |
_c32203 _d32203 |
||